Hodnota značky a jej podiel na nehmotnom majetku podniku

Podrobná bibliografia
Hlavní autori: Kyliánová, Darina, 1945- (Autor), Lalíková, Lucia (Autor)
Médium: Kniha
Jazyk:slovenčina
Fyzický popis:86 s. tab. 25 cm
Vydavateľské údaje: Banská Bystrica Úrad priemyselného vlastníctva Slovenskej republiky 2010
ISBN:9788088994671
Vydanie:[1. vyd.]
Predmet:

MARC

LEADER 00000cam a2200000 a 4500
001 vtls010270818
003 SK-MaSNL
005 20260301181957.0
008 240315s2010 xo l f 000 0 slo
015 |a SNBA2011/07-03645 
020 |a 9788088994671  |q (brož.) 
035 |a 2811B3D0-8E6F-47BE-90B9-2E1921AC1E2F 
035 |a urn:nbn:sk:snk-amjhkl 
035 |a urn:nbn:sk:snk-am001y1s 
040 |a SNK  |b slo  |c SNK  |e AACR2 
041 0 |a slo 
044 |a xo  |c SK 
072 7 |a 347.7  |x Obchodné právo. Finančné právo. Právo priemyselného vlastníctva. Patentové právo. Autorské právo  |2 konspekt 
080 |a 347.772  |2 2001 
080 |a 347.77  |2 2001 
080 |a 347.211  |2 2001 
080 |a (048.8)  |2 2001 
080 |a 347.772:657.92  |2 2001 
100 1 |a Kyliánová, Darina,  |d 1945-  |4 aut  |9 131807 
245 1 0 |a Hodnota značky a jej podiel na nehmotnom majetku podniku  |c Darina Kyliánová, Lucia Lalíková 
250 |a [1. vyd.] 
260 |a Banská Bystrica  |b Úrad priemyselného vlastníctva Slovenskej republiky  |c 2010 
300 |a 86 s.  |b tab.  |c 25 cm 
366 |e 300 výt. 
504 |a Bibliogr. s. 85-86. Pozn. 
650 0 7 |a ochranné známky  |2 SNKPH  |9 2674 
650 0 7 |a Trademarks  |2 SNKPHeng  |9 435502 
650 0 7 |a Industrial property  |2 SNKPHeng  |9 267407 
650 0 7 |a Valuation of trademarks  |2 SNKPHeng  |9 555220 
650 0 7 |a oceňovanie ochrannej známky  |2 SNKPH  |9 555221 
650 0 7 |a priemyselné vlastníctvo  |2 SNKPH  |9 2699 
650 0 7 |a nehmotný majetok  |2 SNKPH  |9 1610 
650 0 7 |a Intangible property  |2 SNKPHeng  |9 400353 
655 7 |a monografie  |2 SNKPH  |9 70139 
655 7 |a Monographs  |2 SNKPHeng  |9 120675 
700 1 |a Lalíková, Lucia  |4 aut  |9 555222 
852 |a Štátna vedecká knižnica v Banskej Bystrici 
919 |a 978-80-88994-67-1 
958 |a OND 
958 |a NB 
968 |d 34 
999 |c 852008  |d 853938 
952 |a SNK  |b SNK  |y PREZ  |7 0  |p 17A0701912  |o snkSC 145228  |i snk2011/10028  |8 0  |0 0  |1 0  |4 0  |d 2011-05-03  |l 0  |r 2025-07-14 00:00:00  |w 2026-02-24 
952 |a SNK  |b SNK  |y VYP  |7 0  |p 17A0701913  |o snkSC 145228 D1  |i snk2011/10030  |8 0  |0 0  |1 0  |4 0  |d 2011-05-03  |l 0  |r 2026-02-24 04:45:02  |w 2026-02-24